sanah - wars - Statystyki

Ogólne statystyki
  • Ten quiz został rozwiązany 14 razy
  • Średni wynik to 87 z 110
Statystyki odpowiedzi
Odpowiedź % Poprawnych
W
100%
w
100%
wars
100%
wars...
100%
I
86%
na
86%
Ten
86%
za
86%
że
86%
Ze
86%
będzie
71%
biały
71%
by
71%
By
71%
Całkiem
71%
do
71%
dobry
71%
dzień
71%
gastro
71%
Ja
71%
jedzenia
71%
już
71%
ładny
71%
lżej
71%
manatki
71%
mnie
71%
Mów
71%
pęd
71%
płaczę
71%
pociągowy
71%
poczuć
71%
popylam
71%
pozbiera
71%
późno
71%
raz
71%
sam
71%
stację
71%
stacji
71%
swe
71%
wagon
71%
wagonie
71%
Warsowy
71%
wiem
71%
zasuwam
71%
znajdziesz
71%
Żwawo
71%
hen
57%
Jaki
57%
Tam
57%
Uciekam
57%
wziąć
57%
koniec
43%
to
43%
Nie znaleziono quizów pasujących do podanych kryteriów
Rozkład punktacji
Procent ludzi z każdym wynikiem
Percentyl według liczby udzielonych odpowiedzi
Twoja historia wyników
Nie rozwiązałeś tego quizu